| 000 | 00825nam a22002537a 4500 | ||
|---|---|---|---|
| 003 | 0 | ||
| 005 | 20180724150813.0 | ||
| 008 | 0 | ||
| 010 | _aA-739257 | ||
| 020 |
_c00.00 _a8122407137 |
||
| 035 | _aA-739257, A-739258 | ||
| 037 | _bCen Lib/Ret | ||
| 040 |
_aDPL _bEN _c0 |
||
| 082 |
_a364.163 _bSCA |
||
| 245 |
_aThe scam : _cedited by Seema Mustafa [and] Anuradha M.Chenoy _bthe cover-up and compromise / |
||
| 260 |
_aNew Delhi _bNew Age International Limited _c1995 |
||
| 270 |
_bNew Delhi _a4835/24, Ansari Road, Daryaganj _e110002 |
||
| 300 |
_ax,102p. : _c20cm(Hb) _bill. |
||
| 650 |
_aFraud -- India -- History. _916300 |
||
| 650 |
_aPolitical corruption -- India -- History. _916301 |
||
| 700 |
_aMustafa,Seema _916302 |
||
| 700 |
_aChenoy,Anuradha M. _914707 |
||
| 942 |
_2ddc _cEN _h364.163 _mSCA |
||
| 999 |
_c126011 _d126011 |
||